University physics / (Record no. 544402)

000 -LEADER
fixed length control field 00538nam a2200181 i 4500
082 04 - DEWEY DECIMAL CLASSIFICATION NUMBER
Classification number 537
Author Mark CHA
-- L-6 P-2
100 1# - MAIN ENTRY--PERSONAL NAME
Personal name Champion, F. C.
9 (RLIN) 39739
245 10 - TITLE STATEMENT
Title University physics /
Statement of responsibility, etc. by F. C. Champion.
250 ## - EDITION STATEMENT
Edition statement [Rev. one-volume ed.]
260 ## - PUBLICATION, DISTRIBUTION, ETC.
Place of publication, distribution, etc. London :
Name of publisher, distributor, etc. Blackie & sons, ltd.,
Date of publication, distribution, etc. 1960.
300 ## - PHYSICAL DESCRIPTION
Extent 786 p. :
Other physical details ill.
Dimensions 23 cm.
500 ## - GENERAL NOTE
General note "First published in parts 1939.
526 ## - STUDY PROGRAM INFORMATION NOTE
Program name 0
Interest level 0
Reading level 0
Title point value 537_000000000000000_CHA
526 ## - STUDY PROGRAM INFORMATION NOTE
Program name 0
Interest level 0
Reading level 0
Title point value 537_000000000000000_CHA
650 #0 - SUBJECT ADDED ENTRY--TOPICAL TERM
Topical term or geographic name entry element MCE
9 (RLIN) 379
650 #0 - SUBJECT ADDED ENTRY--TOPICAL TERM
Topical term or geographic name entry element Physics
942 ## - ADDED ENTRY ELEMENTS (KOHA)
Source of classification or shelving scheme
Koha item type Book
Holdings
Withdrawn status Lost status Source of classification or shelving scheme Damaged status Not for loan Permanent Location Current Location Date acquired Total Checkouts Full call number Barcode Date last seen Price effective from Koha item type Date last checked out
          Military College of Engineering (MCE) Military College of Engineering (MCE) 04/17/2014   537 CHA MCE-40673 04/17/2014 04/17/2014 Book  
          Military College of Engineering (MCE) Military College of Engineering (MCE) 04/17/2014 1 537 CHA MCE-110 09/12/2014 04/17/2014 Book 09/12/2014
© 2023 Central Library, National University of Sciences and Technology. All Rights Reserved.